000 00566nam a2200193 a 4500
005 20210223123801.0
008 991125n 000 0 spa u
035 _aUPN01000064068
100 1 _aMéndez Nápoles, Oscar
_929294
222 _aREVISTA DE LA EDUCACION SUPERIOR
245 _aAnálisis para la creación de estudios superiores
300 _a13-19
362 0 _a1975 Vol. 4, no. 2, abr.-jun.
653 0 _aEDUCACION SUPERIOR
653 0 _aPLANEACION EDUCATIVA
653 0 _aSISTEMA EDUCATIVO NACIONAL
904 _aAC
_b001879
905 _aArticulo
999 _c62421
_d62421